000
00341nam a2200145Ia 4500
005
20251222153642.0
008
251222s9999||||xx |||||||||||||| ||spa||
020
_a
8430921990
082
_a
346.46/P75/V.I
100
_a
Díez-Picazo, Luis
245
0
_a
Sistema de Derecho Civil
250
_a
6a. ed.
264
_b
Tecnos
942
_c
LIB
999
_c
32789
_d
32789